000 00670nam a2200205Ii 4500
003 JO-AjNU
008 230605s9999||||xx |||||||||||||| ||und||
040 _aJO-AjNU
_bara
_erda
_cJO-AjNU
041 _aara
050 1 4 _aBP130.A2236.2002
100 3 _aعبد الغفار،أحمد,
_eauthor
_917725
245 0 0 _aالنص القرآني بين التفسير والتأويل
250 _aط1
264 3 1 _aبيروت:دار النهضة العربية ، 2002
300 _a276ص
336 _atext
_btxt
_2rdacontent
337 _aunmediated
_bn
_2rdamedia
338 _avolume
_bnc
_2rdacarrier
650 4 _aالقرآن الكريم-تفسير-تاويل
_917726
999 _aA5537
_c9105
_d9105